000 00417nam a2200169 a 4500
001 4302
003 CO-ViMGA
008 141112s2004 ck r 000 u spa d
040 _aCO-ViMGA
_bspa
_cCO-ViMGA
082 0 4 _a647.3 B829
100 1 _aBuczacki, Stefan
_954896
245 1 0 _aIniciación a la jardinería
260 _aMadrid :
_bLibsa,
_c1995
300 _a192 p : il
650 1 4 _aJARDINERIA
942 _2ddc
_cBK
999 _c16315
_d16315